[Event "12th Agzamov Memorial 2018"]
[Site "Tashkent"]
[Date "2018.04.28"]
[Round "6"]
[White "Tokhirjonova, Gulrukhbegim"]
[Black "Stupak, Kirill"]
[Result "0-1"]
[WhiteElo "2348"]
[BlackElo "2556"]
[Annotator "TA"]
[PlyCount "90"]
[EventDate "2018.??.??"]
[EventType "swiss"]
[EventCountry "UZB"]
[SourceTitle "playchess.com"]
[Source "ChessBase"]
[SourceQuality "1"]

{[%evp 26,90,13,0,33,37,24,35,32,22,63,75,66,66,55,61,58,22,20,0,0,0,0,0,11,0,0,6,0,0,8,-25,-21,-51,0,0,0,0,0,0,0,0,0,0,0,0,0,0,0,-68,-64,-239,-228,-478,-473,-587,-588,-587,-531,-768,-743,-12822,-12823,-6694,-6411,-29998,-29999]} 1. d4 Nf6 2. c4 e6 3. Nc3 d5 4. cxd5 exd5 5. Bg5 Nbd7 6. e3 Bb4 7. Bd3 c5 8. Nf3 Qa5 9. Qc2 c4 10. Bf5 O-O 11. O-O Re8 12. Nd2 g6 13. Bh3 Kg7 14. Rae1 {LiveBook: 42 Games} Bxc3 {D38: Queen's Gambit Declined: Ragozin Defence (4 Nf3 Bb4)} 15. bxc3 Ne4 16. Nxe4 dxe4 {White is slightly better.} 17. Bf4 Kg8 $146 ({Predecessor:} 17... Nb6 18. Bxc8 Raxc8 19. f3 exf3 20. Rxf3 f5 21. Be5+ Kg8 22. e4 fxe4 23. Qxe4 {½-½ (55) Marguerettaz,D (2214)-Gagliardi,C (2217) Bratto 2012}) 18. f3 Nf6 19. Be5 $1 Rxe5 20. dxe5 Qxe5 21. f4 Qc5 22. Bxc8 Rxc8 23. f5 {fxg6 is the strong threat.} g5 24. Qd2 Rc7 25. Qd4 Qxd4 26. exd4 $11 {[%mdl 4096] Endgame KRR-KRN} Kg7 27. Re3 Rc6 28. Rb1 Nd5 29. Rg3 Ra6 (29... Kf6 $15) 30. Rb5 Nf4 {Hoping for ...Ne2+.} 31. f6+ Kxf6 {Threatens to win with ...Ne2+.} 32. Rgxg5 Ne2+ 33. Kf2 Nxc3 34. Ra5 {And now Rxa6+ would win.} Rb6 ({Stronger than} 34... Nxa2 35. Rxa6+ bxa6 36. Rc5 $16) 35. Ke3 Rb2 36. Raf5+ Ke7 37. d5 (37. Rc5 $11) 37... Re2+ ({Of course not} 37... Nxa2 $6 38. Kd4 $14) 38. Kd4 $2 (38. Kf4 $1 $15) 38... Nb5+ $19 39. Ke5 $2 (39. Kxc4 Nd6+ 40. Kd4) 39... c3 40. Rg7 Nd6 41. Rf1 c2 42. Rg3 {[#]} f6+ $1 {[%mdl 512]} 43. Kf4 {[#]} (43. Rxf6 Nc4+) 43... Rf2+ $1 {[%mdl 512]} 44. Rxf2 c1=Q+ 45. Kg4 Qg5+ {Precision: White = 42%, Black = 68%.} 0-1

[Event "12th Agzamov Memorial 2018"]
[Site "Tashkent"]
[Date "2018.04.28"]
[Round "6"]
[White "Tokhirjonova, Gulrukhbegim"]
[Black "Stupak, Kirill"]
[Result "*"]
[WhiteElo "2348"]
[BlackElo "2556"]
[Annotator "TA"]
[PlyCount "42"]
[EventDate "2018.??.??"]
[EventType "swiss"]
[EventCountry "UZB"]
[SourceTitle "playchess.com"]
[Source "ChessBase"]
[SourceQuality "1"]

{[%evp 21,22,25,35]} 1. d4 Nf6 2. c4 e6 3. Nc3 d5 4. cxd5 exd5 5. Bg5 Nbd7 6. e3 Bb4 7. Bd3 c5 8. Nf3 Qa5 9. Qc2 c4 10. Bf5 O-O 11. O-O Re8 {Predecessor:} 12. Nd2 $146 g6 13. Bh3 Kg7 14. Rfb1 h6 15. Bh4 g5 16. Bxd7 Bxd7 17. Bg3 Kg8 18. a3 Bf8 19. b3 cxb3 20. Nxb3 Qd8 21. Be5 Rc8 {1-0 (40) Korobov,A (2652)-Mamedyarov,S (2799) Huaian 2017} *

[Event "12th Agzamov Memorial 2018"]
[Site "Tashkent"]
[Date "2018.04.28"]
[Round "6"]
[White "Abdisalimov, Abdimalik"]
[Black "Korneev, Oleg"]
[Result "1/2-1/2"]
[WhiteElo "2341"]
[BlackElo "2546"]
[Annotator "TA"]
[PlyCount "38"]
[EventDate "2018.??.??"]
[EventType "swiss"]
[EventCountry "UZB"]
[SourceTitle "playchess.com"]
[Source "ChessBase"]
[SourceQuality "1"]

{[%evp 19,38,10,25,18,44,39,42,43,43,0,33,16,35,18,17,0,8,5,8,12,0]} 1. d4 d5 2. c4 c6 3. cxd5 cxd5 4. Nc3 Nf6 5. Bf4 Nc6 6. e3 a6 7. Bd3 Bg4 8. Nge2 e6 9. O-O Be7 10. Qb3 {D10: Slav Defence: 3 cxd5 (without early Nf3) and 3 Nc3} (10. h3 Bh5 11. Rc1 O-O 12. Na4 Rc8 13. a3 Nd7 14. b4 e5 15. dxe5 Ndxe5 16. Bf5 Ra8 17. Nc5 b5 {1-0 (33) Le,Q (2737)-Andreikin,D (2712) Huaian 2017}) 10... Na5 {LiveBook: 3 Games} 11. Qc2 Bxe2 $146 ({Predecessor:} 11... Bh5 12. Bg3 Bg6 13. Nf4 Bxd3 14. Nxd3 O-O 15. Ne5 Rc8 16. Qd3 Nh5 17. Rac1 Nxg3 18. hxg3 {½-½ (30) Dobosz,H (2390)-Volkmann,F (2435) Austria 2017}) 12. Qxe2 {White is slightly better.} O-O 13. Rac1 Qd7 14. b3 Rac8 (14... Ba3 $5 {[%cal Ra3c1]}) 15. Na4 {[#] Strongly threatening Nb6.} Rxc1 16. Rxc1 Rc8 {The position is equal.} 17. Qd2 {aiming for Rxc8+.} Rxc1+ 18. Qxc1 Nc6 19. Nc5 Qc8 1/2-1/2

[Event "12th Agzamov Memorial 2018"]
[Site "Tashkent"]
[Date "2018.04.28"]
[Round "6"]
[White "Tillyaev, Ulugbek"]
[Black "Levin, Evgeny A."]
[Result "0-1"]
[WhiteElo "2292"]
[BlackElo "2543"]
[Annotator "TA"]
[PlyCount "112"]
[EventDate "2018.??.??"]
[EventType "swiss"]
[EventCountry "UZB"]
[SourceTitle "playchess.com"]
[Source "ChessBase"]
[SourceQuality "1"]

{[%evp 20,112,-17,-29,-12,-10,0,0,0,0,27,33,20,43,43,0,0,-89,-102,-84,-95,-285,-297,-272,-269,-243,-216,-406,-378,-433,-353,-366,-356,-345,-350,-362,-337,-372,-313,-308,-290,-408,-410,-404,-298,-397,-396,-394,-404,-410,-406,-487,-484,-462,-452,-442,-438,-436,-418,-398,-395,-387,-380,-396,-400,-393,-383,-566,-595,-571,-553,-670,-654,-747,-730,-922,-910,-910,-883,-2327,-2335,-1650,-1960,-1445,-1477,-6049,-5418,-29978,-29979,-29983,-29984,-29984,-29985,-29985,-29986]} 1. e4 c5 2. Nf3 d6 3. d4 cxd4 4. Nxd4 Nf6 5. Nc3 a6 6. Bc4 e6 7. Bb3 b5 {[%cal Bb7b5,Bb5b4][%mdl 32]} 8. Qe2 Be7 9. Be3 O-O 10. O-O-O Qc7 11. g4 b4 {B86: Sicilian Scheveningen/Najdorf: 6 Bc4, without early ...b5} 12. Na4 (12. g5 bxc3 13. gxf6 Bxf6 14. Rhg1 cxb2+ 15. Kb1 Nc6 16. Nxc6 Qxc6 17. Bh6 Kh8 18. e5 dxe5 19. Bxg7+ Bxg7 20. Rxg7 Kxg7 21. Qg4+ Kf6 22. Qh4+ Kf5 23. Qxh7+ Kf4 24. Qh4+ Kf5 25. Rg1 {1-0 (25) Zapolskis,A (2377)-Wojtaszek,R (2630) Warsaw 2006}) 12... Nfd7 $146 ({Predecessor:} 12... Nxe4 13. Nb6 Qxb6 14. Nxe6 Qb5 15. Qxb5 axb5 16. Nxf8 Bb7 17. Nxh7 Kxh7 18. Bxf7 Nd7 19. f4 {1-0 (65) Docekal,J (2307)-Bernasek,J (2464) Czechia 2012}) 13. f4 Nc5 {The position is equal.} 14. f5 Bd7 15. fxe6 Nxb3+ 16. axb3 fxe6 17. Rhf1 Qb7 18. Qc4 {[#]} (18. e5 $11 d5 19. Rxf8+ Bxf8 20. Qf2) 18... Rc8 $1 $17 {[%cal Rc8c4]} (18... Rxf1 $6 19. Rxf1 Nc6 20. Nxc6 $14 (20. Nxe6 Ne5 $11)) 19. Nf5 Bf8 20. Nxd6 $2 (20. Bc5 $17 dxc5 21. Nd6 Bxd6 22. Rxd6) 20... Bxd6 $19 21. Qd4 Qc7 {[%csl Gc8][%cal Rc7c2]} ({Inferior is} 21... Bxh2 22. Nb6 $11) ({Much less strong is} 21... Bxa4 22. Qxd6 Qc6 23. Rf2 $19) 22. Rf2 {[#] Hoping for Nb6.} Bxa4 ({Stronger than} 22... Bxh2 23. Nb6 $16) 23. bxa4 $2 (23. Qxd6 {was the only defense.} Qxd6 24. Rxd6) 23... Be7 24. Qd3 Qc4 25. b3 Qxd3 26. Rxd3 Nc6 27. Rd7 Rd8 28. Rfd2 Rxd7 29. Rxd7 {With the idea Rc7.} Rc8 30. a5 (30. Rb7 $142) 30... Kf8 31. Bb6 e5 32. Kd1 Kf7 33. Rb7 Ke6 34. Kd2 g6 35. Kd3 Rf8 36. Be3 Rd8+ 37. Ke2 Nd4+ 38. Bxd4 Rxd4 {[%mdl 4096] Endgame KRB-KR} 39. Rb6+ Rd6 40. Rb7 Rc6 41. Kd1 h6 42. Rb8 Bc5 43. Rh8 (43. Rg8 $142 Kf7 44. Ra8) 43... Rd6+ 44. Ke2 Rd4 45. Kf3 Rd2 46. Rxh6 Kf6 47. Rh8 Rf2+ 48. Kg3 Rxc2 49. Ra8 Rc3+ 50. Kg2 Kg5 51. Rxa6 Rxb3 52. h4+ Kxg4 53. Rxg6+ Kxh4 {Black mates.} 54. a6 Rb2+ 55. Kf1 b3 56. Rc6 Rc2 {Precision: White = 45%, Black = 86%.} 0-1

[Event "12th Agzamov Memorial 2018"]
[Site "Tashkent"]
[Date "2018.04.28"]
[Round "6"]
[White "Tillyaev, Ulugbek"]
[Black "Levin, Evgeny A."]
[Result "*"]
[WhiteElo "2292"]
[BlackElo "2543"]
[Annotator "TA"]
[PlyCount "36"]
[EventDate "2018.??.??"]
[EventType "swiss"]
[EventCountry "UZB"]
[SourceTitle "playchess.com"]
[Source "ChessBase"]
[SourceQuality "1"]

{[%evp 13,14,8,8]} 1. e4 c5 2. Nf3 d6 3. d4 cxd4 4. Nxd4 Nf6 5. Nc3 a6 6. Bc4 e6 7. Bb3 b5 {LiveBook: 2085 Games} {Predecessor:} 8. Bg5 $146 Be7 9. Qf3 Qc7 10. e5 Bb7 11. exd6 Bxd6 12. Qe3 Bc5 13. O-O-O Nc6 14. Bxf6 gxf6 15. Nd5 Qe5 16. Qxe5 Nxe5 17. Nc7+ Ke7 18. Nxa8 Bxg2 {½-½ (28) Radjabov,T (2710)-Topalov,V (2741) Shamkir 2017} *

[Event "12th Agzamov Memorial 2018"]
[Site "Tashkent"]
[Date "2018.04.28"]
[Round "6"]
[White "Kasimov, Ali"]
[Black "Malakhatko, Vadim"]
[Result "0-1"]
[WhiteElo "2027"]
[BlackElo "2516"]
[Annotator "TA"]
[PlyCount "88"]
[EventDate "2018.??.??"]
[EventType "swiss"]
[EventCountry "UZB"]
[SourceTitle "playchess.com"]
[Source "ChessBase"]
[SourceQuality "1"]

{[%evp 23,88,6,1,-14,-16,-10,-9,-27,-17,-11,-14,-10,0,-37,-21,-43,-35,-23,-18,-30,-9,-9,-9,-7,-11,-13,-15,-21,0,0,0,0,0,-14,-14,-14,-11,-14,-12,-25,-25,-25,-25,-25,-25,-25,-25,-25,-25,-25,-25,-25,-25,-43,-35,-69,-71,-71,-72,-72,-47,-50,-45,-58,-56,-428,-420]} 1. d4 e6 2. e4 d5 3. Nd2 c5 4. exd5 Qxd5 5. Ngf3 cxd4 6. Bc4 Qd8 7. O-O Nc6 8. Nb3 a6 {C07: French Tarrasch: 3...c5, 4 Ngf3 and 4 exd5 Qxd5} 9. Nbxd4 Nxd4 10. Nxd4 Qc7 11. Qe2 Bd6 12. h3 Ne7 {LiveBook: 15 Games} 13. Nf3 $146 ({Predecessor:} 13. Bd3 O-O 14. Nf3 Ng6 15. Ng5 Be7 16. Qh5 Bxg5 17. Qxg5 Bd7 18. Be3 Rac8 19. Rfd1 h6 20. Qh5 Nf4 21. Bxf4 {½-½ (21) Movsesian,S (2671)-Predojevic,B (2621) Germany 2018}) 13... b5 14. Bd3 Bb7 15. a4 b4 16. Re1 h6 17. Bd2 Nd5 18. Ne5 O-O 19. Qe4 {[%csl Gd3][%cal Re4h7] [#]} Nf6 20. Qe2 Rfd8 21. Ng4 {Black must now prevent Nxf6+.} Be7 22. Nxf6+ Bxf6 23. Bxb4 Bxb2 24. Rab1 Bf6 25. Ba5 Qxa5 26. Rxb7 Qd5 27. Reb1 a5 28. Qe4 (28. g3 {looks sharper.} Qd4 29. Qh5 Rf8 30. Qb5 g6 31. Rc7) 28... Qxe4 29. Bxe4 Rac8 30. Bd3 Bc3 31. g3 Bb4 32. Kg2 g6 33. Rb5 Rc3 34. Ra1 Rd7 35. h4 h5 36. Kf1 Kg7 37. Kg2 Rcc7 38. Rb1 Rd4 39. Re5 Bc3 {...Rxd3! is the strong threat.} 40. Bb5 {[#]} Rxa4 $1 {[%mdl 512]} 41. Rxe6 (41. Bxa4 Bxe5) 41... Ra2 $36 {[%mdl 2048] Black has good play.} ({Much weaker is} 41... fxe6 42. Bxa4 Bb4 43. Rb3 $11) 42. Re2 a4 {[%cal Ba5a4,Ba4a3][%mdl 32] Threatens to win with ...a3.} 43. Re4 a3 44. Ra4 $2 {[%mdl 8192]} (44. Rb3 $15) 44... Rb2 {Precision: White = 50%, Black = 83%.} 0-1

[Event "12th Agzamov Memorial 2018"]
[Site "Tashkent"]
[Date "2018.04.28"]
[Round "7"]
[White "Stupak, Kirill"]
[Black "Yakubboev, Nodirbek"]
[Result "1-0"]
[WhiteElo "2556"]
[BlackElo "2482"]
[Annotator "TA"]
[PlyCount "79"]
[EventDate "2018.??.??"]
[EventType "swiss"]
[EventCountry "UZB"]
[SourceTitle "playchess.com"]
[Source "ChessBase"]
[SourceQuality "1"]

{[%evp 21,79,45,56,50,75,78,64,85,66,55,81,87,102,91,103,106,87,69,113,102,112,110,179,175,224,224,229,220,283,200,167,172,181,147,149,150,150,139,145,154,146,144,397,416,416,67,398,399,563,562,565,566,587,572,539,515,572,527,4827,4822]} 1. d4 Nf6 2. c4 e6 3. g3 d5 4. Bg2 c6 5. Nf3 b6 6. O-O Be7 7. Qc2 O-O 8. Nbd2 Ba6 {E06: Closed Catalan: Early deviations} (8... Bb7 9. b3 a5 10. Bb2 Na6 11. Rfd1 Rc8 12. Rac1 h6 13. Qb1 Rc7 14. Ne5 Nd7 15. Ndf3 Nxe5 16. Nxe5 Bd6 17. e4 {½-½ (45) Yu,Y (2751)-Sargissian,G (2672) Riadh 2017}) 9. Ne5 Nfd7 10. Nd3 Nf6 11. Rd1 Nbd7 {LiveBook: 3 Games} 12. e4 Rc8 13. b3 $146 ({Predecessor:} 13. e5 Ne8 14. Nf4 Nc7 15. b3 c5 16. dxc5 Bxc5 {1-0 (36) Brunello,S (2533)-Tristan,L (2412) Puerto Madryn 2009}) 13... c5 14. exd5 exd5 15. dxc5 $1 Nxc5 16. Nxc5 bxc5 17. cxd5 $1 Nxd5 18. Nc4 Nb4 19. Qe2 ({Much weaker is} 19. Rxd8 Nxc2 20. Rxc8 Bxc8 $11) 19... Bxc4 20. bxc4 Qe8 21. Bb2 Bg5 (21... Nc6 $16 {keeps fighting.}) 22. Qg4 $18 h6 {[#]} 23. Be4 $1 {h4 is the strong threat.} g6 {Threatens to win with ...f5.} 24. Rd7 $40 {[%mdl 128] White attacks with force.} Nc6 25. h4 Ne5 26. Bxe5 $1 Qxe5 27. Rad1 f5 28. Bd5+ Qxd5 29. R1xd5 fxg4 30. hxg5 $16 {[%mdl 4096] Endgame KRR-KRR} Rb8 31. R5d6 ({Of course not} 31. Rxa7 $6 Rb1+ 32. Kg2 Rb2 $11) 31... hxg5 $2 {[%mdl 8192]} (31... Rb6 $16 {might work better.}) 32. Rxg6+ $18 Kh8 33. Rh6+ Kg8 {[#]} 34. Rhh7 $1 {[%csl Gh7][%cal Rd7g7]} Rf5 (34... Rfe8 {was necessary.}) 35. Rdg7+ {White is clearly winning.} Kf8 36. Rxa7 {[%cal Rh7h8]} Rb1+ 37. Kg2 {[%cal Rh7h8]} Kg8 {intending ...Rb2.} 38. Rhc7 Rb8 39. a4 {[%cal Ba2a4,Ba4a5][%mdl 32]} Re5 40. a5 {Precision: White = 96%, Black = 44%.} 1-0

[Event "12th Agzamov Memorial 2018"]
[Site "Tashkent"]
[Date "2018.04.28"]
[Round "7"]
[White "Korneev, Oleg"]
[Black "Saydaliev, Saidakbar"]
[Result "1/2-1/2"]
[WhiteElo "2546"]
[BlackElo "2361"]
[Annotator "TA"]
[PlyCount "51"]
[EventDate "2018.??.??"]
[EventType "swiss"]
[EventCountry "UZB"]
[SourceTitle "playchess.com"]
[Source "ChessBase"]
[SourceQuality "1"]

{[%evp 30,51,32,32,38,41,43,27,58,53,56,22,31,47,45,26,25,3,22,6,3,-41,-40,-74]} 1. e4 e5 2. Nf3 Nc6 3. Bb5 {[%cal Bf1b5,Bb5a4,Ba4b3][%mdl 32]} a6 4. Ba4 Nf6 5. O-O Be7 6. Re1 b5 7. Bb3 d6 8. c3 O-O 9. h3 Bb7 10. d4 Re8 11. Nbd2 {[%cal Bb1d2,Bd2f1,Bf1e3][%mdl 32]} Bf8 12. d5 Nb8 {[%cal Bc6b8,Bb8d7,Bd7c5][%mdl 32]} 13. Nf1 Nbd7 14. N3h2 h6 {C92: Closed Ruy Lopez: 9...Be6, Karpov and Flohr-Zaitsev Variations} (14... c6 15. dxc6 Bxc6 16. Bg5 Qc7 17. Ng3 a5 18. Bxf6 Nxf6 19. Ng4 Nxg4 20. hxg4 a4 21. Bd5 Bxd5 22. Qxd5 {½-½ (39) Hou,Y (2654)-Vitiugov,N (2735) Karlsruhe/Baden-Baden 2018}) 15. Ng4 Nc5 16. Bc2 {LiveBook: 3 Games} c6 {[%cal Rc6d5] White is slightly better.} 17. Nxf6+ Qxf6 18. Ne3 Rac8 $146 ({Predecessor:} 18... cxd5 19. Nxd5 Bxd5 20. Qxd5 Ne6 21. a4 Nc7 22. Qc6 Qe7 23. axb5 axb5 24. Rxa8 Rxa8 25. Be3 Ra2 26. Rb1 b4 27. cxb4 {1-0 (27) Sorcinelli,A (2025)-Van der Meer,H (1600) LSS email 2013}) 19. b4 Nd7 20. dxc6 Bxc6 21. a4 {[%cal Ba2a4,Ba4a5][%mdl 32]} Nb6 22. a5 Na8 23. Qd3 Qg6 24. f3 Nc7 25. Bb3 d5 $1 {[%cal Rd5e4]} 26. Nf5 1/2-1/2

[Event "12th Agzamov Memorial 2018"]
[Site "Tashkent"]
[Date "2018.04.28"]
[Round "7"]
[White "Levin, Evgeny A."]
[Black "Kotanjian, Tigran"]
[Result "0-1"]
[WhiteElo "2543"]
[BlackElo "2481"]
[Annotator "TA"]
[PlyCount "46"]
[EventDate "2018.??.??"]
[EventType "swiss"]
[EventCountry "UZB"]
[SourceTitle "playchess.com"]
[Source "ChessBase"]
[SourceQuality "1"]

{[%evp 20,46,21,0,27,20,114,120,116,105,125,110,125,79,80,81,76,74,62,60,133,21,16,28,28,16,15,0,0]} 1. d4 Nf6 2. c4 e6 3. Nc3 Bb4 4. e3 O-O 5. Bd3 d5 6. Nf3 dxc4 7. Bxc4 c5 8. O-O cxd4 9. exd4 b6 10. Qe2 Bb7 11. Rd1 {LiveBook: 156 Games} Qc7 {E54: Nimzo-Indian: Rubinstein: Main Line: 7...dxc4 8 Bxc4} (11... Nbd7 12. d5 Bxc3 13. dxe6 Bxf3 14. gxf3 fxe6 15. bxc3 Qc7 16. Bxe6+ Kh8 17. Qc4 Qb7 18. Bxd7 Nxd7 19. Qd5 Qxd5 20. Rxd5 {½-½ (32) Matlakov,M (2735)-Vitiugov,N (2722) St Petersburg 2017}) 12. Nb5 Qc6 $146 (12... Qd8 $11 {remains equal.}) ({Predecessor:} 12... Qd8 13. Bg5 Be7 14. Rac1 a6 15. Nc3 b5 16. Bb3 b4 17. Na4 h6 18. Bf4 Bd6 19. Ne5 {1-0 (43) Krejci,J (2451)-Payen,A (2361) Frydek Mistek 2011}) 13. Bf4 $16 Nbd7 {White is better.} 14. a3 Be7 15. d5 $1 {[%cal Rd5c6]} exd5 16. Ba2 {And now Nfd4 would win.} Bc5 17. Nfd4 $1 {[%cal Rd4c6]} Bxd4 18. Nxd4 Qa4 19. b4 Rfe8 {[#]} 20. Qb5 ({Better is} 20. Qxe8+ $1 $16 {[%mdl 512]} Rxe8 21. Bb3) 20... Qxb5 $11 21. Nxb5 {Threatens to win with Nc7.} Re4 22. Be3 {aiming for Nd6.} Bc6 23. Nc7 Rc8 {[%mdl 32768] Precision: White = 63%, Black = 61%. . Loss on Time!?} 0-1

[Event "12th Agzamov Memorial 2018"]
[Site "Tashkent"]
[Date "2018.04.28"]
[Round "7"]
[White "Pourramezanali, Amirreza"]
[Black "Abdisalimov, Abdimalik"]
[Result "0-1"]
[WhiteElo "2536"]
[BlackElo "2341"]
[Annotator "TA"]
[PlyCount "60"]
[EventDate "2018.??.??"]
[EventType "swiss"]
[EventCountry "UZB"]
[SourceTitle "playchess.com"]
[Source "ChessBase"]
[SourceQuality "1"]

{[%evp 9,60,0,0,0,-4,-11,21,-10,15,19,19,19,8,14,14,13,39,45,39,32,94,-18,-18,-19,-26,-16,-8,-7,-7,-11,0,-14,-1,-22,-14,-42,-16,-35,-21,-8,-4,-22,-12,-35,0,0,0,0,6,5,8,9,8]} 1. d4 Nf6 2. Nf3 c5 3. e3 d5 4. c3 Nbd7 5. Nbd2 b6 (5... g6 6. b4 c4 7. Be2 Bg7 8. O-O O-O 9. Qc2 Nb6 10. e4 Nxe4 11. Nxe4 Bf5 12. Nfd2 dxe4 13. Nxe4 {½-½ (51) Artemiev,V (2697)-Gelfand,B (2695) Moscow 2018}) 6. Bd3 {D05: Colle System with ...e6} Bb7 7. O-O g6 8. b4 Bg7 9. bxc5 bxc5 10. Rb1 Qc7 $146 ({Predecessor:} 10... Bc6 11. c4 O-O 12. Bb2 Rb8 13. Bc2 {0-1 (67) Certek,P (2272)-Hertneck,G (2469) Vienna 2016}) 11. Ba3 O-O 12. dxc5 Ne4 13. Bxe4 dxe4 14. Nd4 Ba6 {[#]} ({Black should play} 14... Rfd8 $14) 15. c6 ({Of course not} 15. Nxe4 $6 Bxf1 16. Qxf1 Nf6 $11) (15. c4 $1 $16) 15... Nb6 $11 16. c4 Rfd8 17. Qc2 Bxd4 18. exd4 {Threatens to win with d5.} Rxd4 19. Bc5 Rdd8 20. Nxe4 Re8 21. Rfe1 Qxc6 22. Bd4 Qxc4 23. Qb2 {next Bh8 is good for White.} Nd7 24. Rbc1 Qb5 25. Qd2 Bb7 26. Ba1 f6 (26... Bxe4 $5 27. Rxe4 Nf6 $15) 27. Rc7 {[#] And now Nc3 would win.The position is equal.} Bxe4 28. Rxd7 Bc6 29. Rdxe7 Rxe7 30. Rxe7 Re8 {[%mdl 32768] Precision: White = 53%, Black = 48%. . Loss on Time!?} 0-1

[Event "12th Agzamov Memorial 2018"]
[Site "Tashkent"]
[Date "2018.04.28"]
[Round "7"]
[White "Malakhatko, Vadim"]
[Black "Duzhakov, Ilya"]
[Result "1/2-1/2"]
[WhiteElo "2516"]
[BlackElo "2421"]
[Annotator "TA"]
[PlyCount "34"]
[EventDate "2018.??.??"]
[EventType "swiss"]
[EventCountry "UZB"]
[SourceTitle "playchess.com"]
[Source "ChessBase"]
[SourceQuality "1"]

{[%evp 23,24,2,22]} 1. c4 Nf6 2. Nc3 c5 3. g3 e6 4. Nf3 b6 5. Bg2 Bb7 6. O-O Be7 7. d4 cxd4 8. Qxd4 d6 9. Rd1 a6 10. Be3 {A30: Symmetrical English: Double Fianchetto and Hedgehog} Nbd7 11. Ng5 Bxg2 12. Kxg2 Rc8 {LiveBook: 6 Games} {Predecessor:} 13. Rac1 $146 O-O 14. Nce4 Rc6 15. Nxf6+ Nxf6 16. Qd3 Qa8 17. Kg1 Rfc8 {1-0 (49) Beliavsky,A (2619)-Gritsak,O (2539) Aix les Bains 2011} 1/2-1/2

[Event "12th Agzamov Memorial 2018"]
[Site "Tashkent"]
[Date "2018.04.28"]
[Round "7"]
[White "Papin, Vasily"]
[Black "Nigmatov, Ortik"]
[Result "1-0"]
[WhiteElo "2475"]
[BlackElo "2438"]
[Annotator "TA"]
[PlyCount "40"]
[EventDate "2018.??.??"]
[EventType "swiss"]
[EventCountry "UZB"]
[SourceTitle "playchess.com"]
[Source "ChessBase"]
[SourceQuality "1"]

{[%evp 21,22,35,44]} 1. c4 Nf6 2. Nc3 e6 3. e4 d5 4. e5 d4 5. exf6 dxc3 6. bxc3 Qxf6 7. d4 c5 8. Nf3 cxd4 9. Bg5 Qf5 10. cxd4 Bb4+ 11. Bd2 Nc6 {LiveBook: 27 Games} {Predecessor:} 12. Bxb4 $146 Nxb4 13. Rb1 Qa5 14. Qd2 Nc6 15. Bd3 Rb8 16. Be4 Bd7 17. Ne5 Qxd2+ 18. Kxd2 Na5 19. Rb4 f6 20. Nxd7 Kxd7 {½-½ (77) Reinderman,D (2573)-Naiditsch,A (2687) Wijk aan Zee 2010} 1-0

[Event "12th Agzamov Memorial 2018"]
[Site "Tashkent"]
[Date "2018.04.28"]
[Round "7"]
[White "Khusenkhojaev, Muhammad"]
[Black "Sivuk, Vitaly"]
[Result "0-1"]
[WhiteElo "2456"]
[BlackElo "2525"]
[Annotator "TA"]
[PlyCount "82"]
[EventDate "2018.??.??"]
[EventType "swiss"]
[EventCountry "UZB"]
[SourceTitle "playchess.com"]
[Source "ChessBase"]
[SourceQuality "1"]

{[%evp 18,82,92,82,93,83,88,77,88,86,104,93,81,90,126,115,139,151,207,182,189,166,195,164,272,258,220,257,238,254,216,220,243,0,0,0,0,0,0,0,0,-539,-518,-1104,-1098,-1079,-1068,-1598,-1593,-5806,-5706,-1846,-910,-901,-906,-903,-892,-864,-847,-5373,-5314,-29983,-29984,-29976,-6000,-29990,-29991]} 1. Nf3 d6 2. d4 Bg4 3. e4 Nf6 4. Nc3 e6 5. h3 Bh5 6. Qe2 c6 7. g4 Bg6 8. h4 h5 9. g5 Nfd7 10. Bh3 Be7 {A41: 1 d4 d6: Tartakower System and Modern Defence} (10... Qa5 11. d5 e5 12. Nd2 Qa6 13. Qf3 Be7 14. Nb3 Qb6 15. Be3 Qc7 16. O-O-O a6 17. dxc6 bxc6 18. Bf5 Nb6 19. Qh3 N8d7 20. Bxb6 {1-0 (20) Rapport,R (2720)-Danielsen,H (2488) Reykjavik 2016}) 11. d5 cxd5 12. exd5 e5 {White is better.} 13. Be3 O-O 14. O-O-O Na6 15. Nd2 Ndc5 16. a3 Rb8 17. b4 Nd7 (17... b5 $16) 18. Bxa7 {[#]} Ra8 $146 19. Be3 Nb6 20. Ndb1 Qc7 (20... Nd7 {is a better defense.} 21. Qb5 f5 22. Qxb7 Nc7) 21. f4 $18 exf4 22. Bxb6 ({Don't play} 22. Bxf4 $6 Rae8 $16) 22... Qxb6 23. Qxe7 Nxb4 24. axb4 {Black must now prevent Qe2.} Qxb4 25. Qd7 $2 (25. Qc7 $18) 25... Ra1 $11 {[#] And now ...Qxc3 would win.} 26. Bf5 $1 Qxc3 $1 27. Rd3 $1 {[%cal Rd3c3]} Qc5 {Hoping for ...Ra2.} 28. Rhd1 f3 $40 {[%mdl 128] Threatens to win with ...Qb4. Black mounts an attack.} 29. Rxf3 $2 {[%mdl 8192]} (29. Bxg6 $11 {and White has nothing to worry.} fxg6 30. Qe6+ Kh7 31. Qe3) 29... Qb4 $19 {[%csl Gb4][%cal Ra1b1] [#]} 30. Rb3 (30. c3 $142 Rxb1+ 31. Bxb1 Qxb1+ 32. Kd2 Qc2+ 33. Ke1 Qe4+ 34. Kf2 Qc2+ 35. Ke1) 30... Qf4+ 31. Kb2 Bxf5 32. Qe7 Rfa8 33. Nc3 Rxd1 34. Nxd1 Qa4 (34... Qd2 $142 35. Qc7 Qxd1) 35. Kc1 Qa1+ 36. Rb1 Qa3+ 37. Rb2 Rc8 38. Ne3 Bg6 39. Kb1 Ra8 {[%csl Ga8][%cal Ra3a1]} 40. Kc1 Qc3 {( -> ...Qe1+)} 41. Rb1 Ra2 {Precision: White = 53%, Black = 84%.} 0-1